FCS National Champions - Statistics

General Stats
  • This quiz has been taken 32 times
  • The average score is 34 of 49
Answer Stats
Year Answer % Correct
2001 Montana
100%
1995 Montana
100%
2025 Montana State
100%
1984 Montana State
100%
2023 South Dakota State
100%
2022 South Dakota State
100%
2024 North Dakota State
93%
2021 North Dakota State
93%
2019 North Dakota State
93%
2018 North Dakota State
93%
2017 North Dakota State
93%
2015 North Dakota State
93%
2014 North Dakota State
93%
2013 North Dakota State
93%
2012 North Dakota State
93%
2011 North Dakota State
93%
2010 Eastern Washington
81%
2016 James Madison
81%
2004 James Madison
81%
2009 Villanova
81%
2007 Appalachian State
67%
2006 Appalachian State
67%
2005 Appalachian State
67%
2003 Delaware
67%
1981 Idaho State
67%
1997 Youngstown State
63%
1994 Youngstown State
63%
1993 Youngstown State
63%
1992 Youngstown State
63%
1991 Youngstown State
63%
2000 Georgia Southern
59%
1999 Georgia Southern
59%
1990 Georgia Southern
59%
1989 Georgia Southern
59%
1986 Georgia Southern
59%
1985 Georgia Southern
59%
1983 Southern Illinois
59%
1980 Boise State
56%
2020 Sam Houston State
56%
1988 Furman
48%
1996 Marshall
48%
1992 Marshall
48%
2008 Richmond
44%
2002 Western Kentucky
44%
1998 Massachusetts
41%
1982 Eastern Kentucky
37%
1979 Eastern Kentucky
37%
1978 Florida A&M
37%
1987 Louisiana-Monroe
33%
No matching quizzes found
Score Distribution
Percent of People with Each Score
Percentile by Number Answered
Your Score History
You have not taken this quiz